Normal view
MARC view
Entry Topical Term
001 - CONTROL NUMBER
- control field: 29180
003 - CONTROL NUMBER IDENTIFIER
- control field: OSt
005 - DATE AND TIME OF LATEST TRANSACTION
- control field: 20220120122705.0
008 - FIXED-LENGTH DATA ELEMENTS
- fixed length control field: 220120|| aca||aabn | a|a d
040 ## - CATALOGING SOURCE
- Original cataloging agency: OSt
- Transcribing agency: OSt
150 ## - HEADING--TOPICAL TERM
- Topical term or geographic name entry element: Tobacco, Poverty, Beedi workers, Informal sector, Home-based work, Household analysis, Vulnerability
670 ## - SOURCE DATA FOUND
- Source citation: Work cat.: (OSt): Mallick, Jagannath Satpathy, Sachi 29179, Estimation of women Beedi workers in India and their socio-economic condition
